LEADER 01221nam a2200289 a 4500 001 000000104368 003 CaOOAMICUS 005 20070319104811.0 008 070319s2006 it b 000 0 ita d 020 $a88-89667-03-6 040 $aPUG$bita$dPUL$dLDB 041 1 $aita$heng 100 1 $aBrock, Sebastian P.$0(OLS)http://pul/name/10141 240 10$aSpirituality in the syriac tradition.$gItaliano.$0(OLS)http://pul/title/131267 245 13$aLa spiritualità nella tradizione siriaca /$cSebastian P. Brock. 260 $aRoma :$bLipa,$c2006. 300 $a224 p. :$bc. geogr. ;$c21 cm 490 1 $aPubblicazioni del Centro Aletti 504 $aContiene riferimenti bibliografici 650 14$aSpiritualità siriaca.$0(OLS)http://pul/subject/33203 830 0$aPubblicazioni del Centro Aletti.$0(OLS)http://pul/title/57055 850 $aPUL 852 $aPUL$W1$xSL Religione 3$y85$m234 BROSE 1$j116744$qDDC 21$B116738$CPULBib$Z2$F116738 $H103014 $82 941 1 $a9 996 $6020$a88-89667-03-6$9(OLS)http://pul/number/133913 996 $6245$aLa spiritualità nella tradizione siriaca$9(OLS)http://pul/title/131266 996 $6260$aRoma :$bLipa$9(OLS)http://pul/publisher/66995 LEADER 01342nam a2200289 a 4500 001 000000157528 003 CaOOAMICUS 005 20161215104535.0 008 161215s1990 it 000 u spa r 032 $aLibriCat 040 $aPUL$bita 100 1 $aArias Gonzáles, Manuel.$0(OLS)http://pul/name/100497 245 13$aEl comentario de San Buenaventura al Eclesiastés /$cManuel Arias Gonzáles. 260 $aRoma :$bAteneo Romano della Santa Croce,$c1990. 300 $axxxi, 242 p. ; $c21 cm. 502 $aTesi -- Ateneo Romano de la Santa Cruz. Facultad de Teologia. 1991. 504 $aBibliografia p. [231]-242. 600 04$aBonaventura,$cs., card.,$dc. 1217-1274$xCritica e interpretazione.$0(OLS)http://pul/subject/3153 710 2 $aAteneo Romano della Santa Croce.$kTesi.$0(OLS)http://pul/name/17117 850 $aPUL 852 $aPUL$W1$xDP1 Tesi Pon. Univ. S. Croce$y43$mTH S.CRO 58$j180832$qTesi$B183955$CPULBib$Z2$F183955 $H75252 $82 910 $aPontificia Università della Santa Croce$917117 910 $aPontificia Università della Santa Croce$917117 941 1 $a16 996 $6245$aEl comentario de San Buenaventura al Eclesiastés$9(OLS)http://pul/title/197132 996 $6260$aRoma :$bAteneo Romano della Santa Croce$9(OLS)http://pul/publisher/49359